Children's Palliative Care in Africa (Record no. 5975)

MARC details
000 -LEADER
fixed length control field 01210cam a22003734a 4500
001 - CONTROL NUMBER
control field 16074759
003 - CONTROL NUMBER IDENTIFIER
control field OSt
005 - DATE AND TIME OF LATEST TRANSACTION
control field 20210412141400.0
008 - FIXED-LENGTH DATA ELEMENTS--GENERAL INFORMATION
fixed length control field 100129s2009 enka b 001 0 eng c
010 ## - LIBRARY OF CONGRESS CONTROL NUMBER
LC control number 2010286051
015 ## - NATIONAL BIBLIOGRAPHY NUMBER
National bibliography number GBA938907
Source bnb
016 7# - NATIONAL BIBLIOGRAPHIC AGENCY CONTROL NUMBER
Record control number 101516464
Source DNLM
016 7# - NATIONAL BIBLIOGRAPHIC AGENCY CONTROL NUMBER
Record control number 015116410
Source Uk
020 ## - INTERNATIONAL STANDARD BOOK NUMBER
International Standard Book Number 9780199567966 (alk. paper)
020 ## - INTERNATIONAL STANDARD BOOK NUMBER
International Standard Book Number 0199567964 (alk. paper)
035 ## - SYSTEM CONTROL NUMBER
System control number (OCoLC)ocn317473190
040 ## - CATALOGING SOURCE
Original cataloging agency NLM
Transcribing agency NLM
Modifying agency BTCTA
-- UKM
-- YDXCP
-- NOH
-- CDX
-- DLC
042 ## - AUTHENTICATION CODE
Authentication code pcc
043 ## - GEOGRAPHIC AREA CODE
Geographic area code f------
050 00 - LIBRARY OF CONGRESS CALL NUMBER
Classification number RJ249
Item number .C488 2009
060 00 - NATIONAL LIBRARY OF MEDICINE CALL NUMBER
Classification number 2009 J-939
060 10 - NATIONAL LIBRARY OF MEDICINE CALL NUMBER
Classification number WB 310
Item number C536 2009
082 ## - DEWEY DECIMAL CLASSIFICATION NUMBER
Classification number WB310 C434j 2009
100 ## - MAIN ENTRY--PERSONAL NAME
Personal name Edited by Amery, Justin.
9 (RLIN) 14082
245 00 - TITLE STATEMENT
Title Children's Palliative Care in Africa
260 ## - PUBLICATION, DISTRIBUTION, ETC. (IMPRINT)
Name of publisher, distributor, etc. Oxford University Press,
Date of publication, distribution, etc. 2009.
300 ## - PHYSICAL DESCRIPTION
Extent xxii, 424 p. :
Other physical details ill. ;
Dimensions 25 cm.
504 ## - BIBLIOGRAPHY, ETC. NOTE
Bibliography, etc Includes bibliographical references and index.
650 #0 - SUBJECT ADDED ENTRY--TOPICAL TERM
Topical term or geographic name as entry element Terminally ill patients
9 (RLIN) 12384
650 12 - SUBJECT ADDED ENTRY--TOPICAL TERM
Topical term or geographic name as entry element Palliative Care
9 (RLIN) 12386
906 ## - LOCAL DATA ELEMENT F, LDF (RLIN)
a 7
b cbc
c pccadap
d 2
e ncip
f 20
g y-gencatlg
942 ## - ADDED ENTRY ELEMENTS (KOHA)
Koha item type Open Shelf
Source of classification or shelving scheme Other/Generic Classification Scheme
Holdings
Withdrawn status Lost status Source of classification or shelving scheme Damaged status Not for loan Home library Current library Date acquired Source of acquisition Inventory number Total Checkouts Full call number Barcode Date last seen Koha item type
    Other/Generic Classification Scheme     MUST Main Library MUST Main Library 30/01/2018 Purchase 17/40565   WB310 C434j 2009 2018-0052 30/01/2018 Open Shelf